| 000 | 00383cam a2200121ua 4500 | ||
|---|---|---|---|
| 003 | OSt | ||
| 008 | 210806b ||||| |||| 00| 0 eng d | ||
| 082 |
_a624.159 _bIND/CO |
||
| 245 | _aCode of practice for design and construction of machine foundations ,part 1 foundations for reciprocating type machines,IS:2974-1982 / | ||
| 260 |
_a : _bBIS , _c1989. |
||
| 300 | _a22 ; . | ||
| 942 | _cBK | ||
| 999 |
_c4292 _d4292 |
||